Estatísticas para Países Mencionados na Bíblia

Clique aqui para jogar o quiz

Estatísticas Gerais

  • Esse quiz foi jogado 4 870 vezes
  • A pontuação média é 14 de 21

Estatísticas das Respostas

DicaPaís% Correto
A Terra SantaIsrael
97%
Moisés liderou seu povo para longe daquiEgito
94%
Conhecido naquela época como PérsiaIrão
86%
Onde São Paulo faleceuItália
84%
Nínive e Babilônia se localizavam aquiIraque
81%
Várias regiões desse país são mencionadas: Ponto, Galácia, Capadócia e Bitínia
Turquia
81%
São Paulo escreveu epístolas para pessoas em diferentes cidades daquiGrécia
79%
Reis daqui trouxeram ouro a SalomãoArábia Saudita
73%
Isaías prometeu que a capital desse país seria um "montão de ruínas"
Síria
73%
Do outro do lado do rio da Terra SantaJordânia
71%
Conhecido por suas árvores de cedroLíbano
68%
País mais ocidental mencionado na BíbliaEspanha
66%
A parte mais oriental do Império PersaÍndia
66%
São Paulo navegou próximo a essa ilhaChipre
60%
País mediterrâneo, lar da cidade de CireneLíbia
60%
A terra de Sabá pode ter sido localizada aquiIémen
55%
Mencionado como Reino de CuxeSudão
47%
São Paulo naufragou aquiMalta
46%
O rio Giom (ou Gehon), fluindo do Jardim do Éden, engloba esse país inteiro
Etiópia
45%
Algumas pessoas escaparam para essa região montanhosaArmênia
42%
Tito viajou a Dalmácia, no litoral desse paísCroácia
33%

Distribuição das Pontuações

Percentil de Números Respondidos

Porcentagem de Pessoas com Cada Pontuação

Sua Pontuação Histórica

Você não jogou esse quiz